Central Library OPAC University of Rajshahi

Electronics analog and digital / (Record no. 38713)

MARC details
000 -LEADER
fixed length control field 00676cam a22002414a 4500
001 - CONTROL NUMBER
control field 38713
003 - CONTROL NUMBER IDENTIFIER
rucl marc code (BD-RjUL)
005 - DATE AND TIME OF LATEST TRANSACTION
control field 20211209052839.0
008 - FIXED-LENGTH DATA ELEMENTS--GENERAL INFORMATION
fixed length control field 050426s2005 ne a b 001 0 eng
020 ## - INTERNATIONAL STANDARD BOOK NUMBER
International Standard Book Number 8120314913
International Standard Book Number 9788120314917
035 ## - SYSTEM CONTROL NUMBER
System control number (BD-RjUL)
040 ## - CATALOGING SOURCE
Original cataloging agency DLC
Transcribing agency (BD-RjUL)
Modifying agency BAKER
082 00 - DEWEY DECIMAL CLASSIFICATION NUMBER
Classification number 621.3815
Edition number 22
Author mark and year NAE 1999
100 1# - MAIN ENTRY--PERSONAL NAME
Personal name Nagrath, I.J.
9 (RLIN) 119441
245 10 - TITLE STATEMENT
Title Electronics analog and digital /
Statement of responsibility, etc. I.J. Nagrath
260 ## - PUBLICATION, DISTRIBUTION, ETC. (IMPRINT)
Place of publication, distribution, etc. New Delhi ;
Name of publisher, distributor, etc. Prentic Hall of India.
Date of publication, distribution, etc. c1999.
300 ## - PHYSICAL DESCRIPTION
Pagination viii, 735 p. :
Illustrations ill. ;
Size 24 cm.
500 ## - GENERAL NOTE
General note Includes index.
650 #0 - SUBJECT ADDED ENTRY--TOPICAL TERM
Topical term or geographic name as entry element Electronic circuits
9 (RLIN) 117163
942 ## - ADDED ENTRY ELEMENTS (KOHA)
Source of classification or shelving scheme Dewey Decimal Classification
Koha item type Books
Holdings
Lost status Source of classification or shelving scheme Damaged status Not for loan Permanent Location Current Location Shelving location Date acquired Total Checkouts Full call number Date last seen Copy number Koha item type
  Dewey Decimal Classification   Not For Loan Department of Information and Communication Engineering (ICE) Library Department of Information and Communication Engineering (ICE) Library Seminar Library 11/02/2016   621.3815 NAE 1999 11/02/2016 C-1 Books